|
|
|
|
| LEADER |
00000nlm2a2200000 4500 |
| 001 |
656886 |
| 005 |
20231225091507.0 |
| 035 |
|
|
|a (RuTPU)RU\TPU\network\23366
|
| 090 |
|
|
|a 656886
|
| 100 |
|
|
|a 20171218a2017 k y0engy50 ba
|
| 101 |
0 |
|
|a eng
|
| 102 |
|
|
|a CH
|
| 105 |
|
|
|a a z 100zy
|
| 135 |
|
|
|a drcn ---uucaa
|
| 181 |
|
0 |
|a i
|
| 182 |
|
0 |
|a b
|
| 200 |
0 |
|
|a Vol. 736 : Materials and their Application
|e The International Conference, Decembe 15-16, 2016, Yurga, Russia
|e [proceedings]
|f National Research Tomsk Polytechnic University (TPU) ; eds. D. V. Valuev, N. V. Martyushev
|
| 203 |
|
|
|a Text
|c electronic
|
| 210 |
|
|
|d 2017
|c Trans Tech Publications Ltd.
|a [S. l.]
|
| 300 |
|
|
|a Title screen
|
| 333 |
|
|
|a Режим доступа: по договору с организацией-держателем ресурса
|
| 461 |
|
1 |
|0 (RuTPU)RU\TPU\network\11477
|t Key Engineering Materials
|o Scientific Journal
|v Vol. 736 : Materials and their Application
|
| 606 |
1 |
|
|a Материалы
|2 stltpush
|3 (RuTPU)RU\TPU\subj\41256
|9 61060
|
| 610 |
1 |
|
|a конференции
|
| 610 |
1 |
|
|a труды учёных ТПУ
|
| 610 |
1 |
|
|a электронный ресурс
|
| 610 |
1 |
|
|a современные материалы
|
| 610 |
1 |
|
|a материаловедение
|
| 675 |
|
|
|a 620.22(063)
|v 4
|
| 702 |
|
1 |
|a Valuev
|b D. V.
|c specialist in the field of metal working
|c Associate Professor of Yurga technological Institute of Tomsk Polytechnic University, Candidate of technical sciences
|f 1980-
|g Denis Viktorovich
|3 (RuTPU)RU\TPU\pers\32900
|4 340
|9 16748
|
| 702 |
|
1 |
|a Martyushev
|b N. V.
|c specialist in the field of material science
|c Associate Professor of Tomsk Polytechnic University, Candidate of technical sciences
|f 1981-
|g Nikita Vladimirovich
|3 (RuTPU)RU\TPU\pers\32906
|4 340
|9 16754
|
| 712 |
0 |
2 |
|a National Research Tomsk Polytechnic University (TPU)
|3 (RuTPU)RU\TPU\col\18773
|
| 712 |
1 |
2 |
|a Materials and their Application
|c Conference
|d 5
|e Yurga
|f 2016
|
| 801 |
|
2 |
|a RU
|b 63413507
|c 20180314
|g RCR
|
| 856 |
4 |
|
|u http://dx.doi.org/10.4028/www.scientific.net/KEM.736
|
| 942 |
|
|
|c CF
|